<A> world in disarray American foreign policy and the crisis of the old order

Enregistré dans:
Détails bibliographiques
Auteur principal: Haass, Richard N.
Format: Livre
Langue:anglais
Publié: New York Penguin Press 2017
Sujets:
Tags: Ajouter un tag
Pas de tags, Soyez le premier à ajouter un tag!

MARC

LEADER 00000nam a2200000 4500
001 0236413
005 20230109073209.9
020 |a 9780399562365 
020 |a 978-0-399-56236-5 
041 0 |a eng 
044 |a US 
245 1 0 |a <A> world in disarray  |b American foreign policy and the crisis of the old order  |c Richard Haass 
264 1 |a New York  |b Penguin Press  |c 2017 
300 |a 339 s. 
610 2 0 |a politika zahraničná 
610 2 0 |a vzťahy zahraničné 
610 2 0 |a dejiny 
610 2 0 |a vývoj politický 
610 2 0 |a vývoj spoločenský 
610 2 0 |a politika regionálna 
610 2 0 |a politika medzinárodná 
610 2 0 |a svet 
610 2 0 |a USA 
610 2 0 |a Amerika 
100 1 |a Haass, Richard N.